| 000 | 00974nam a2200181 a 4500 | ||
|---|---|---|---|
| 008 | 120416s1998 ||||||||||||||||| || u | ||
| 020 | _a0521575869 | ||
| 050 | _aQA 39.2 Oli | ||
| 100 | _aOlive, Jenny | ||
| 245 | 1 | 0 | _aMaths |
| 246 | _aa student's survival guide | ||
| 260 |
_aCambridge _bCambridge University Press _c1998 |
||
| 350 | _a0.00 | ||
| 995 |
_aBINDERY (DAMAGED) _D0.00 _e735139 _FCBU-MAIN LIBRARY (Kitwe) _H3 _I24.95 _jQA 39.2 Oli _M3 _UDAMAGED _y40422 _ZMain Library Open Access Collection |
||
| 995 |
_aBINDERY (DAMAGED) _D0.00 _e733474 _FCBU-MAIN LIBRARY (Kitwe) _H1 _I24.95 _jQA 39.2 Oli _M1 _UDAMAGED _y45314 _ZMain Library Open Access Collection |
||
| 995 |
_aBINDERY (DAMAGED) _D0.00 _e730879 _FCBU-MAIN LIBRARY (Kitwe) _H4 _I24.95 _jQA 39.2 Oli _M4 _UDAMAGED _WApr 4, 2007 _y028197 _ZMain Library Open Access Collection |
||
| 995 |
_aMAIN LIBRARY OPEN ACCESS _D0.00 _e730878 _FCBU-MAIN LIBRARY (Kitwe) _H2 _I24.95 _jQA 39.2 Oli _M2 _UAVAILABLE _y028198 _ZMain Library Open Access Collection |
||
| 999 |
_c82768 _d82768 |
||